|
|
|
|
| LEADER |
01079nam a2200313 a 4500 |
| 001 |
4524 |
| 003 |
BD-DhAAL |
| 005 |
20150526093544.0 |
| 008 |
150526s2000 enka b 000 0 eng |
| 015 |
|
|
|a GBA1-58653
|
| 020 |
|
|
|a 0340780061
|
| 020 |
|
|
|a 9780340780060
|
| 040 |
|
|
|a UKM
|c UKM
|d OCLCQ
|d NZAUC
|d YDXCP
|d EQF
|d BD-DhAAL
|
| 082 |
0 |
4 |
|a 153.94
|2 21
|
| 100 |
1 |
|
|a Crozier, Gene.
|9 11408
|
| 245 |
1 |
0 |
|a Test your personality /
|c Gene Crozier.
|
| 260 |
|
|
|a Abingdon :
|b Hodder & Stoughton,
|c 2000.
|
| 300 |
|
|
|a 96 p. :
|b ill. ;
|c 20 cm.
|
| 504 |
|
|
|a Includes bibliographical references.
|
| 541 |
|
|
|e 4524
|
| 650 |
|
0 |
|a Personality tests.
|9 11409
|
| 650 |
|
0 |
|a Psychometrics.
|9 11410
|
| 650 |
|
0 |
|a Personality and occupation.
|9 11411
|
| 650 |
|
0 |
|a Vocational interests
|x Testing.
|9 11412
|
| 650 |
|
0 |
|a Self-evaluation.
|9 11413
|
| 710 |
2 |
|
|a Institute of Management.
|9 11414
|
| 942 |
|
|
|2 ddc
|c BK
|
| 999 |
|
|
|c 34517
|d 34517
|
| 952 |
|
|
|0 0
|1 0
|2 ddc
|4 0
|6 153_940000000000000_CRO
|7 0
|9 53883
|a SCL
|b SCL
|c GEN
|d 2015-05-26
|g 185.00
|l 8
|m 14
|o 153.94 CRO
|p 3020004524
|r 2024-04-03
|s 2024-03-18
|t 1
|w 2015-05-26
|y BK
|